000
00298nam a22001217a 4500
008
190311b xxu||||| |||| 00| 0 eng d
041
_a
eng
080
_a
043.3
100
_a
0
101
_a
SHP-BA
245
_a
Praktika Profesionale dhe Menaxhimi i Burimeve Njerezore
_c
Deliu, E
942
_2
udc
_c
BK
999
_c
54694
_d
54694